Statistiques concernant Pays avec le plus de chrétiens

Cliquez ici pour prendre le quiz!

Statistiques générales

  • Ce quiz a été pris 41 405 fois
  • Le résultat moyen est 13 sur 20

Statistiques - réponses

MillionsPays%% Correct
40,4France60
98%
236États-Unis69
95%
194Brésil90
89%
89,7Russie62
88%
49,0Italie83
87%
45,0Allemagne54
85%
35,1Argentine77
82%
114Mexique89
82%
40,2Royaume-Uni59
80%
43,0Chine3
72%
38,8Pologne94
65%
79,8RD du Congo92
65%
47,8Colombie92
61%
48,1Afrique du Sud80
60%
101Nigeria46
47%
93,4Éthiopie75
32%
46,3Kenya85
25%
98,8Philippines85
25%
40,4Tanzanie61
22%
42,5Ouganda89
10%

Distribution des résultats

Percentile par nombre de réponses

% des personnes avec chaque résultat

Votre développement - résultats

Vous n’avez pas pris ce quiz